Nacimiento y desarrollo de la Filosofía en el Río de la Plata. 1536-1810.
Spremljeno u:
| Glavni autor: | |
|---|---|
| Format: | Knjiga |
| Jezik: | španjolski |
| Izdano: |
Buenos Aires, Argentina:
Guillermo Kraft Limitada,
1952.
|
| Teme: | |
| Oznake: |
Dodaj oznaku
Bez oznaka, Budi prvi tko označuje ovaj zapis!
|
MARC
| LEADER | 00000cam a2200000 a 4500 | ||
|---|---|---|---|
| 001 | UCF1607 | ||
| 003 | CL-VaPUC | ||
| 005 | 20220822114404.0 | ||
| 008 | 120711e19520000AG |||||||||||||||||spa|d | ||
| 999 | |c 348307 |d 348305 | ||
| 040 | |c Pontificia Universidad Católica de Valparaíso | ||
| 082 | 0 | 4 | |a 199.82 FUR 1952 |2 21 |
| 100 | 0 | |a Furlong, Guillermo |e autor |9 563079 | |
| 245 | 1 | 0 | |a Nacimiento y desarrollo de la Filosofía en el Río de la Plata. |b 1536-1810. |
| 260 | |a Buenos Aires, Argentina: |b Guillermo Kraft Limitada, |c 1952. | ||
| 300 | |a 758 páginas. | ||
| 500 | |a c.2 Donación Familia Prof. Alejandro Guzmán Brito. | ||
| 583 | |a last modification |c 20120711 16:46:00 |k Rodrigo Vera | ||
| 650 | 0 | |a Filosofía argentina |2 CL-VaPUC |9 313782 | |
| 650 | 0 | |a Escuelas filosóficas |9 266232 | |
| 650 | 0 | |a Filosofía contemporánea |9 265372 | |
| 650 | 0 | |a Historia de la filosofía |9 256920 | |
| 942 | |c BK |2 ddc |n 0 | ||
| 945 | |d 20120711 00:00:00 |a dcastane | ||
| 952 | |0 0 |1 0 |2 ddc |4 0 |6 199_820000000000000_FUR_1952 |7 0 |8 X |9 450275 |a FDOBUD |b FDOBUD |d 2019-11-22 |i 4835123 |o 199.82 FUR 1952 |p 4835123 |r 2019-11-22 |t 1 |w 2019-11-22 |y BK_X |k BUD | ||